000
00222nam a22000857a 4500
008
161202b xxu||||| |||| 00| 0 eng d
100
_9
1743
_a
Dass.H.k.etal
245
_a
Mathematics Term-II-IX
260
_a
NEW DELHI
_b
S.CHAND
_c
2011
999
_c
4453
_d
4453